Constitutional and administrative law / (Record no. 26977)
[ view plain ]
| 000 -LEADER | |
|---|---|
| fixed length control field | 02257cam a22003255a 4500 |
| 001 - CONTROL NUMBER | |
| control field | 19543061 |
| 005 - DATE AND TIME OF LATEST TRANSACTION | |
| control field | 20181113101508.0 |
| 008 - FIXED-LENGTH DATA ELEMENTS--GENERAL INFORMATION | |
| fixed length control field | 170307s2017 enk b 001 0 eng |
| 010 ## - LIBRARY OF CONGRESS CONTROL NUMBER | |
| LC control number | 2017011135 |
| 020 ## - INTERNATIONAL STANDARD BOOK NUMBER | |
| International Standard Book Number | 9781292176048 (print) |
| 040 ## - CATALOGING SOURCE | |
| Original cataloging agency | DLC |
| Language of cataloging | eng |
| Transcribing agency | DLC |
| Modifying agency | DLC |
| -- | EG-ScBUE |
| 042 ## - AUTHENTICATION CODE | |
| Authentication code | pcc |
| 043 ## - GEOGRAPHIC AREA CODE | |
| Geographic area code | e-uk--- |
| 082 04 - DEWEY DECIMAL CLASSIFICATION NUMBER | |
| Classification number | 342.41 |
| Item number | CAR |
| Edition number | 22 |
| 100 1# - MAIN ENTRY--PERSONAL NAME | |
| Personal name | Carroll, Alex, |
| Dates associated with a name | 1947- |
| 9 (RLIN) | 41920 |
| 245 10 - TITLE STATEMENT | |
| Title | Constitutional and administrative law / |
| Statement of responsibility, etc | Alex Carroll. |
| 250 ## - EDITION STATEMENT | |
| Edition statement | 9th ed. |
| 260 ## - PUBLICATION, DISTRIBUTION, ETC. (IMPRINT) | |
| Place of publication, distribution, etc | Harlow : |
| Name of publisher, distributor, etc | Pearson Education Limited, |
| Date of publication, distribution, etc | 2017. |
| 300 ## - PHYSICAL DESCRIPTION | |
| Extent | liii, 779 p. ; |
| Dimensions | 25 cm. |
| 490 0# - Series Statement | |
| Series statement | Foundation series |
| 504 ## - BIBLIOGRAPHY, ETC. NOTE | |
| Bibliography, etc | Includes bibliographical references and index. |
| 505 0# - FORMATTED CONTENTS NOTE | |
| Formatted contents note | Introduction to constitutional and administrative law -- The characteristics of the constitution -- Sources of constitutional and administrative law -- The European Union : institutions of government and sources of law -- The legislative sovereignty of the Westminster Parliament -- The franchise and electorate -- The House of Commons : members of Parliament -- The House of Commons : principal functions -- The House of Lords -- Parliamentary privilege -- The Prime Minister and Cabinet -- The royal prerogative -- Legal liability of the Crown and public authorities -- Judicial review : nature and grounds for -- Judicial review : applications for, exclusion of, and exclusivity -- The Eurpean Convention on Human Rights -- The human rights act 1998 -- Police powers, personal liberty and privacy -- Restrictions on the rights of freedom of assembly and association -- Restrictions on the rights of freedom of expression and information -- Freedom and emergency powers -- Tribunals and inquiries -- Public services ombudsmen -- Appendix: 'Brexit.' |
| 520 ## - SUMMARY, ETC. | |
| Summary, etc | Specifically designed for LLB or GDL students, this student-friendly text can be relied upon to give you a solid understanding of the essential legal and political issues which underpin the British system of government and the rights and freedoms of those subject to it. |
| 650 #7 - SUBJECT ADDED ENTRY--TOPICAL TERM | |
| Topical term or geographic name as entry element | Constitutional law |
| Geographic subdivision | Great Britain. |
| Source of heading or term | BUEsh |
| 650 #7 - SUBJECT ADDED ENTRY--TOPICAL TERM | |
| Topical term or geographic name as entry element | Administrative law |
| Geographic subdivision | Great Britain. |
| Source of heading or term | BUEsh |
| 651 ## - SUBJECT ADDED ENTRY--GEOGRAPHIC NAME | |
| Source of heading or term | BUEsh |
| 653 ## - INDEX TERM--UNCONTROLLED | |
| Resource For college | Law |
| Arrived date list | November2018 |
| 655 ## - INDEX TERM--GENRE/FORM | |
| Form subdivision | Text book |
| 942 ## - ADDED ENTRY ELEMENTS (KOHA) | |
| Source of classification or shelving scheme | Dewey Decimal Classification |
| Withdrawn status | Item status | Source of classification or shelving scheme | Damaged status | Not for loan | Vendor | Home library | Current library | Shelving location | Date acquired | Source of acquisition | Cost, normal purchase price | Total Checkouts | Full call number | Barcode | Date last seen | Koha item type | Total Renewals | Date last borrowed |
|---|---|---|---|---|---|---|---|---|---|---|---|---|---|---|---|---|---|---|
| Dewey Decimal Classification | Baccah | Central Library | Central Library | First floor | 12/11/2018 | Purchase | 550.00 | 342.41 CAR | 000043879 | 15/07/2025 | NB - Book (Non borrowing) | |||||||
| Dewey Decimal Classification | Baccah | Central Library | Central Library | First floor | 12/11/2018 | Purchase | 5 | 342.41 CAR | 000043880 | 15/07/2025 | Book - Borrowing | 17 | 19/11/2024 | |||||
| Dewey Decimal Classification | Baccah | Central Library | Central Library | First floor | 12/11/2018 | Purchase | 550.00 | 1 | 342.41 CAR | 000043881 | 15/07/2025 | Book - Borrowing | 3 | 19/11/2024 | ||||
| Dewey Decimal Classification | Baccah | Central Library | Central Library | First floor | 12/11/2018 | Purchase | 4 | 342.41 CAR | 000043882 | 15/07/2025 | Book - Borrowing | 20 | 19/11/2024 | |||||
| Dewey Decimal Classification | Baccah | Central Library | Central Library | First floor | 12/11/2018 | Purchase | 550.00 | 6 | 342.41 CAR | 000043883 | 15/07/2025 | Book - Borrowing | 15 | 14/12/2024 |